Statistics for Albums Of 1981

Click here to take the quiz!

General Stats

  • This quiz has been taken 29 times
  • The average score is 9 of 21

Answer Stats

album artist % Correct
Tattoo YouThe Rolling Stones
88%
I Love Rock 'n' RollJoan Jett & the Blackhearts
85%
AbacabGenesis
73%
Ghost in the MachineThe Police
69%
Beauty and the BeatThe Go-Go's
58%
Freeze FrameThe J Geils Band
54%
EscapeJourney
50%
Bella DonnaStevie Nicks
50%
Moving PicturesRush
46%
Diary of a MadmanOzzy Osbourne
46%
Shake It UpThe Cars
42%
4Foreigner
38%
Long Distance VoyagerThe Moody Blues
31%
Wild-Eyed Southern Boys38 Special
31%
Non-Stop Erotic CabaretSoft Cell
27%
Business As UsualMen At Work
23%
DareThe Human League
23%
El LocoZZ Top
19%
Don't Say NoBilly Squier
12%
Street SongsRick James
12%
Take No PrisonersMolly Hatchet
12%

Score Distribution

Percentile by Number Answered

Percent of People with Each Score

Your Score History

You have not taken this quiz